[Event "Russian Championship B15 1st league 2016"]
[Site "Loo"]
[Date "2016.04.25"]
[Round "6.45"]
[White "Volkov, Grigoriy"]
[Black "Greshtakyan, Ashot"]
[Result "1/2-1/2"]
[WhiteElo "1667"]
[BlackElo "1489"]
[PlyCount "97"]
[EventDate "2016.04.20"]

1. e4 c6 2. d4 d5 3. Nc3 dxe4 4. Nxe4 Bf5 5. Ng3 Bg6 6. h4 h6 7. Nf3 Nf6 8. h5
Bh7 9. Bd3 Bxd3 10. Qxd3 e6 11. Bf4 Nbd7 12. O-O-O Nd5 13. Bd2 c5 14. Rde1 Be7
15. Ne4 cxd4 16. Qxd4 N7f6 17. Ne5 Rc8 18. Qa4+ Kf8 19. Rh3 b5 20. Qxb5 Qc7 21.
Bc3 Nxe4 22. Rxe4 Bg5+ 23. Kb1 Rd8 24. Re1 a6 25. Qa5 Nxc3+ 26. Qxc3 Qxc3 27.
Rxc3 Bf6 28. a3 Bxe5 29. Rxe5 Ke7 30. Ra5 Rd6 31. Rc7+ Kf6 32. Ra4 e5 33. f4
exf4 34. Rxf4+ Kg5 35. Rfxf7 Kxh5 36. Rxg7 Re8 37. Rc3 Re1+ 38. Ka2 Rh1 39. g3
Rd5 40. Rc6 Rhd1 41. g4+ Kh4 42. Rxh6+ Kg3 43. Rxa6 Kh4 44. Ra4 R5d2 45. g5+
Kh5 46. Rc4 Ra1+ 47. Kxa1 Rd1+ 48. Ka2 Ra1+ 49. Kxa1 1/2-1/2

[Event "Russian Championship B15 1st league 2016"]
[Site "Loo"]
[Date "2016.04.25"]
[Round "6.46"]
[White "Titovich, Mihail"]
[Black "Mamoshin, Oleg"]
[Result "0-1"]
[WhiteElo "1466"]
[BlackElo "1655"]
[PlyCount "92"]
[EventDate "2016.04.20"]

1. d4 Nf6 2. c4 g6 3. Nc3 Bg7 4. Nf3 O-O 5. Bf4 d6 6. h3 Nh5 7. Bh2 f5 8. e3
Nf6 9. Bd3 Nbd7 10. O-O Re8 11. Re1 e5 12. dxe5 dxe5 13. Bc2 Qe7 14. Ba4 c6 15.
Bb3 Kh8 16. Qc2 e4 17. Nd4 Nc5 18. Nde2 Nd3 19. Red1 Nd7 20. Nf4 N7c5 21. Rab1
Be6 22. Na4 Nxf4 23. Nxc5 Nxh3+ 24. gxh3 Qxc5 25. Rd2 Rad8 26. Rbd1 Rxd2 27.
Rxd2 Be5 28. Bxe5+ Qxe5 29. Qd1 f4 30. Kh1 fxe3 31. fxe3 Qg3 32. Rg2 Qxh3+ 33.
Kg1 Qxe3+ 34. Kh1 Qd3 35. Qe1 Bxc4 36. Bxc4 Qxc4 37. Qh4 Qf1+ 38. Kh2 Qf5 39.
Rg5 Qf6 40. Qh6 e3 41. Rg1 e2 42. Qd2 Qf2+ 43. Rg2 Qxg2+ 44. Kxg2 e1=Q 45. Qd4+
Qe5 46. Qd7 Qd5+ 0-1

[Event "Russian Championship B15 1st league 2016"]
[Site "Loo"]
[Date "2016.04.25"]
[Round "6.48"]
[White "Dolgirev, Lev"]
[Black "Sadovnikov, Konstantin"]
[Result "0-1"]
[WhiteElo "1448"]
[BlackElo "1695"]
[PlyCount "98"]
[EventDate "2016.04.20"]

1. c4 e5 2. Nc3 Nc6 3. Nf3 f5 4. d3 Nf6 5. Bg5 g6 6. Qd2 Bg7 7. g3 O-O 8. Bg2
d6 9. O-O-O Be6 10. h4 a6 11. h5 Qe8 12. hxg6 Qxg6 13. Bh6 Ng4 14. Bxg7 Kxg7
15. Ng5 h6 16. Nxe6+ Qxe6 17. Rdf1 Qg6 18. f3 Nf6 19. g4 f4 20. Rfg1 Qg5 21.
Bf1 Nd4 22. Rg2 Ne6 23. Nd5 Nxd5 24. cxd5 Nd8 25. Qe1 Nf7 26. Rh5 Qg6 27. Rgh2
Rh8 28. Rf5 Ng5 29. Qc3 c5 30. Rxf4 Rhf8 31. Rxf8 Rxf8 32. Rh5 Qf7 33. Qb3 Qf4+
34. Kd1 b5 35. Qa3 Qe3 36. Qc3 Qg1 37. Qe1 Rf4 38. Bh3 Qd4 39. Qc3 Qxd5 40. a3
c4 41. Kc1 Qc5 42. Kb1 cxd3 43. Qxd3 Rd4 44. Qc2 Qd5 45. Qc7+ Kg6 46. Qc2+ e4
47. Qc3 Rd1+ 48. Kc2 Rh1 49. f4 Qd1# 0-1

[Event "Russian Championship B15 1st league 2016"]
[Site "Loo"]
[Date "2016.04.25"]
[Round "6.49"]
[White "Ovcharenko, Iliya"]
[Black "Shilo, Kirill"]
[Result "0-1"]
[WhiteElo "1393"]
[BlackElo "1586"]
[PlyCount "84"]
[EventDate "2016.04.20"]

1. e4 d6 2. d4 Nf6 3. Nc3 e5 4. Nf3 Nbd7 5. Bc4 Be7 6. O-O O-O 7. Re1 c6 8. a4
a5 9. Bg5 Qc7 10. d5 Re8 11. b3 Nc5 12. h3 h6 13. Bxf6 Bxf6 14. Qd2 Be7 15.
Rad1 Nd7 16. Qe2 Nf8 17. Nd2 Ng6 18. dxc6 bxc6 19. Qh5 Nh8 20. Re3 Bg5 21. Rd3
g6 22. Qe2 Kg7 23. Nf3 Be7 24. Ne1 f5 25. f3 f4 26. Rb1 g5 27. b4 axb4 28. Na2
Ng6 29. Nxb4 Rxa4 30. Rdb3 Bb7 31. Na6 Bxa6 32. Bxa6 Qa7+ 33. Kh1 Qxa6 34. Qd2
Ra1 35. Rb6 Qf1+ 36. Kh2 Rxb1 37. Rxb1 Qc4 38. Rb7 Qd4 39. Qa5 h5 40. Qc7 g4
41. hxg4 hxg4 42. Qxc6 Rh8# 0-1

[Event "Russian Championship B15 1st league 2016"]
[Site "Loo"]
[Date "2016.04.25"]
[Round "6.50"]
[White "Voronkov, Evgeny"]
[Black "Klimashkin, Igor"]
[Result "0-1"]
[WhiteElo "1379"]
[BlackElo "1584"]
[PlyCount "50"]
[EventDate "2016.04.20"]

1. e4 e5 2. Nf3 Nc6 3. Bc4 Bc5 4. c3 Nf6 5. d4 exd4 6. cxd4 Bb4+ 7. Bd2 Bxd2+
8. Nbxd2 d6 9. O-O O-O 10. d5 Ne7 11. h3 Ng6 12. Re1 Bd7 13. Nd4 Re8 14. f3 Nh5
15. Ne2 Qg5 16. Kh1 Ngf4 17. Nxf4 Nxf4 18. Rg1 Qh5 19. Qf1 Qe5 20. b3 Nh5 21.
Qe1 Ng3+ 22. Kh2 Ne2+ 23. Kh1 Nxg1 24. Qxg1 b5 25. Bd3 Qc3 0-1

[Event "Russian Championship B15 1st league 2016"]
[Site "Loo"]
[Date "2016.04.25"]
[Round "6.51"]
[White "Dyashkin, Dmitry"]
[Black "Enin, Peter"]
[Result "1-0"]
[WhiteElo "1531"]
[BlackElo "1229"]
[PlyCount "139"]
[EventDate "2016.04.20"]

1. e4 e5 2. Nf3 Nc6 3. Bb5 d6 4. d4 exd4 5. Nxd4 Bd7 6. Bxc6 Bxc6 7. Nxc6 bxc6
8. Qf3 Qf6 9. Qxf6 Nxf6 10. Nc3 Be7 11. f3 Nd7 12. Bf4 Bf6 13. Na4 Rb8 14. c3
Ne5 15. Bxe5 Bxe5 16. O-O O-O 17. f4 Bf6 18. g4 h6 19. Rab1 Bh4 20. Rf3 Rfe8
21. Re3 Re7 22. Kg2 Rbe8 23. Kf3 g6 24. Rg1 Bf6 25. b4 g5 26. f5 Be5 27. Rg2 d5
28. Re1 Bd6 29. Rge2 Kf8 30. h3 a6 31. exd5 Rxe2 32. Rxe2 Rxe2 33. Kxe2 cxd5
34. Kd3 Ke7 35. Kd4 c6 36. Nc5 f6 37. Nxa6 Kd7 38. Nc5+ Kc7 39. Nd3 Kb6 40. c4
dxc4 41. Kxc4 Be7 42. a4 Bd8 43. Nc5 Be7 44. Nd3 Bd8 45. a5+ Kc7 46. Nc5 Be7
47. b5 cxb5+ 48. Kxb5 Kb8 49. Kc6 Bd8 50. Kd6 Bxa5 51. Nd7+ Kc8 52. Nxf6 Bc3
53. Ng8 Bg7 54. Ke7 Bc3 55. Nxh6 Bb4+ 56. Kf6 Kd8 57. Nf7+ Ke8 58. Nxg5 Be7+
59. Kg6 Bxg5 60. Kxg5 Kf8 61. Kf6 Kg8 62. Ke7 Kg7 63. f6+ Kg8 64. f7+ Kh7 65.
f8=Q Kg6 66. Qf5+ Kh6 67. Qh5+ Kg7 68. Qg5+ Kh8 69. Kf7 Kh7 70. Qg7# 1-0

[Event "Russian Championship B15 1st league 2016"]
[Site "Loo"]
[Date "2016.04.25"]
[Round "6.53"]
[White "Belov, Kirill"]
[Black "Fokeev, Boris"]
[Result "1-0"]
[WhiteElo "1360"]
[BlackElo "1478"]
[PlyCount "93"]
[EventDate "2016.04.20"]

1. e4 e6 2. d4 d5 3. e5 c5 4. c3 Qa5 5. Nf3 cxd4 6. Nxd4 Nc6 7. Nxc6 bxc6 8.
Be2 Ba6 9. O-O Ne7 10. b4 Bxe2 11. Qxe2 Qc7 12. Be3 Qxe5 13. f4 Qc7 14. Bc5 Ng6
15. Bxf8 Nxf8 16. Nd2 Nd7 17. Rf3 O-O 18. Raf1 Nf6 19. Rg3 a5 20. a3 axb4 21.
axb4 Kh8 22. Rh3 c5 23. Kh1 cxb4 24. cxb4 Rab8 25. g4 g6 26. g5 Nh5 27. Rxh5
gxh5 28. b5 Qb7 29. Rb1 f6 30. gxf6 Rxf6 31. Qe5 Rbf8 32. Nf3 Qg7 33. Nd4 Rg6
34. Qxg7+ Kxg7 35. b6 e5 36. fxe5 Rf4 37. b7 Rf8 38. b8=Q Rxb8 39. Rxb8 Rg4 40.
Rb7+ Kg8 41. Nc6 h4 42. e6 h3 43. e7 Re4 44. Rb8+ Kf7 45. Rf8+ Kg7 46. e8=Q
Rxe8 47. Rxe8 1-0

[Event "Russian Championship B15 1st league 2016"]
[Site "Loo"]
[Date "2016.04.25"]
[Round "6.54"]
[White "Maslov, Serafim"]
[Black "Konotop, Daniil"]
[Result "0-1"]
[WhiteElo "1341"]
[BlackElo "1473"]
[PlyCount "46"]
[EventDate "2016.04.20"]

1. e4 d6 2. d4 e5 3. c3 c6 4. Nf3 Nd7 5. Bd3 Be7 6. O-O Ngf6 7. Nbd2 O-O 8. Nc4
Qc7 9. Bg5 h6 10. Bh4 Re8 11. Re1 Nh7 12. Qd2 Bxh4 13. Nxh4 Nb6 14. Re3 Be6 15.
Nxb6 axb6 16. d5 Bc8 17. Rg3 Kf8 18. f4 Qe7 19. Nf3 Nf6 20. f5 cxd5 21. exd5 e4
22. Bb5 exf3 23. Re1 Qxe1+ 0-1

[Event "Russian Championship B15 1st league 2016"]
[Site "Loo"]
[Date "2016.04.25"]
[Round "6.57"]
[White "Tsarkov, Mikhail"]
[Black "Li, Dmitry"]
[Result "1-0"]
[WhiteElo "1398"]
[BlackElo "1256"]
[PlyCount "103"]
[EventDate "2016.04.20"]

1. e4 c5 2. Nf3 e6 3. d4 cxd4 4. Nxd4 Nf6 5. Nc3 d6 6. Be3 Be7 7. Qd2 a6 8. f3
b5 9. Nb3 Nc6 10. O-O-O Bd7 11. g4 b4 12. Na4 Rb8 13. Nb6 Rxb6 14. Bxb6 Qxb6
15. h4 a5 16. Kb1 a4 17. Nc1 O-O 18. h5 Ra8 19. g5 Ne8 20. Qg2 Bf8 21. g6 h6
22. gxf7+ Kxf7 23. Qg6+ Kg8 24. Bh3 Ne5 25. Bxe6+ Kh8 26. Qf5 Bxe6 27. Qxf8+
Kh7 28. f4 Nc4 29. Rhg1 Nd2+ 30. Ka1 Nxe4 31. Rxg7+ Nxg7 32. Qxa8 a3 33. Qxe4+
Bf5 34. Qc4 axb2+ 35. Kxb2 Nxh5 36. Qf7+ Ng7 37. Qf6 Qc7 38. Nd3 Qb6 39. Rh1 h5
40. Qf7 Bg6 41. Qc4 Qb7 42. Rh2 Qa8 43. Qxb4 Nf5 44. a4 h4 45. a5 Qf3 46. a6
Qg3 47. Qb7+ Kh6 48. Rh1 h3 49. a7 h2 50. a8=Q Qh3 51. Qh8+ Bh7 52. Qhxh7# 1-0

[Event "Russian Championship B15 1st league 2016"]
[Site "Loo"]
[Date "2016.04.25"]
[Round "6.59"]
[White "Riakhovskii, Mark"]
[Black "Klyus, Nikita"]
[Result "1-0"]
[WhiteElo "1360"]
[BlackElo "1474"]
[PlyCount "75"]
[EventDate "2016.04.20"]

1. c4 c5 2. Nc3 Nf6 3. g3 d5 4. cxd5 Nxd5 5. Bg2 Nc7 6. Nf3 Nc6 7. d3 e5 8. O-O
Be7 9. Be3 f5 10. Rc1 O-O 11. Na4 b6 12. b4 Nxb4 13. Nxe5 Nxa2 14. Ra1 Be6 15.
Nc6 Qd7 16. Nxe7+ Qxe7 17. Bxa8 Rxa8 18. Qd2 Nb4 19. Rab1 Qd7 20. Nc3 Qc6 21.
Bf4 Ncd5 22. Nxd5 Nxd5 23. d4 c4 24. Rfc1 c3 25. Qd3 Rc8 26. Qb5 Nxf4 27. gxf4
Qe4 28. Qe5 Bd5 29. Qxe4 Bxe4 30. Rb3 c2 31. f3 Bd5 32. Rb2 Rc4 33. Rbxc2 Rxd4
34. Rc8+ Kf7 35. R1c7+ Kg6 36. Rd8 Rd1+ 37. Kf2 Rd2 38. Rcd7 1-0

[Event "Russian Championship B15 1st league 2016"]
[Site "Loo"]
[Date "2016.04.25"]
[Round "6.60"]
[White "Gozgeshev, Eldar"]
[Black "Strelkov, Daniil"]
[Result "0-1"]
[WhiteElo "1567"]
[BlackElo "1288"]
[PlyCount "100"]
[EventDate "2016.04.20"]

1. c4 c5 2. Nc3 Nf6 3. Nf3 d5 4. cxd5 Nxd5 5. g3 Nc6 6. Bg2 e5 7. O-O Be6 8. d3
f6 9. a3 Be7 10. Nxd5 Qxd5 11. Ng5 Qd7 12. Nxe6 Qxe6 13. Be3 Kf7 14. Rc1 b6 15.
Qa4 Rac8 16. Rfe1 a5 17. Qb5 Na7 18. Qc4 Qxc4 19. dxc4 Rhd8 20. Red1 Nc6 21.
Bxc6 Rxc6 22. Rxd8 Bxd8 23. Rd1 Ke7 24. f4 Bc7 25. b3 exf4 26. Bxf4 Bxf4 27.
gxf4 Rd6 28. Rxd6 Kxd6 29. e4 g5 30. fxg5 fxg5 31. Kf2 Ke5 32. Ke3 g4 33. a4 h5
34. Kf2 Kxe4 35. Kg3 Kf5 36. Kh4 Kg6 37. h3 gxh3 38. Kxh3 Kg5 39. Kg3 h4+ 40.
Kh3 Kh5 41. Kh2 Kg4 42. Kg2 h3+ 43. Kh2 Kh4 44. Kh1 Kg3 45. Kg1 h2+ 46. Kh1 Kh3
47. b4 axb4 48. a5 b3 49. axb6 b2 50. b7 b1=Q# 0-1

[Event "Russian Championship B15 1st league 2016"]
[Site "Loo"]
[Date "2016.04.25"]
[Round "6.61"]
[White "Medvedev, David"]
[Black "Muratov, Maxim"]
[Result "1/2-1/2"]
[WhiteElo "1350"]
[BlackElo "1428"]
[PlyCount "113"]
[EventDate "2016.04.20"]

1. c4 e5 2. Nc3 Nf6 3. g3 Nc6 4. Bg2 Be7 5. d3 O-O 6. e4 d6 7. Nge2 Ne8 8. O-O
f5 9. f4 fxe4 10. Nxe4 Be6 11. b3 h6 12. Bb2 Nf6 13. Nxf6+ Bxf6 14. d4 exd4 15.
Bxd4 Qd7 16. Bxf6 Rxf6 17. Nd4 Nxd4 18. Qxd4 c6 19. Rad1 Bg4 20. Rd2 b6 21. Re1
Re8 22. Rxe8+ Qxe8 23. h3 Bc8 24. Qe4 Qxe4 25. Bxe4 Bb7 26. b4 Re6 27. Bg2 Kf8
28. b5 d5 29. bxc6 Bxc6 30. cxd5 Rd6 31. Kf2 Bb5 32. Ke3 Ke7 33. Ke4 h5 34. Ke5
Rg6 35. Bf3 Rxg3 36. d6+ Kd7 37. Bxh5 Re3+ 38. Kd4 Re1 39. Kc3 Re4 40. Bg4+ Kd8
41. Rd4 Re1 42. a4 Bd7 43. Kc2 Bxg4 44. hxg4 Re6 45. f5 Rf6 46. Kc3 Kd7 47. Kc4
a6 48. Rd5 Rxd6 49. g5 Ke7 50. Rxd6 Kxd6 51. f6 gxf6 52. gxf6 Ke6 53. f7 Kxf7
54. Kd5 b5 55. axb5 axb5 56. Kc5 b4 57. Kxb4 1/2-1/2

[Event "Russian Championship B15 2016"]
[Site "Loo"]
[Date "2016.04.25"]
[Round "6.1"]
[White "Nuristani, Iman"]
[Black "Lomasov, Semen"]
[Result "0-1"]
[WhiteElo "1922"]
[BlackElo "2326"]
[PlyCount "100"]
[EventDate "2016.04.20"]

1. e4 e6 2. d4 d5 3. Nc3 Nf6 4. exd5 exd5 5. Bd3 Bg4 6. Nge2 c5 7. dxc5 Bxc5 8.
f3 Be6 9. Na4 Qa5+ 10. c3 Bd6 11. Bf4 Bxf4 12. Nxf4 Nbd7 13. Nxe6 fxe6 14. b4
Qc7 15. Qe2 Qd6 16. O-O O-O 17. a3 Rac8 18. Rac1 Ne5 19. Rfe1 Nfd7 20. Bb5 Rf6
21. Bxd7 Nxd7 22. Nb2 Nf8 23. Qe3 Ng6 24. Nd3 Rcf8 25. Nc5 b6 26. Nd3 Qc6 27.
Ne5 Nxe5 28. Qxe5 Rg6 29. Rf1 Qa4 30. f4 Qxa3 31. Rc2 Qa4 32. Rcf2 Rgf6 33. f5
Qb3 34. g4 exf5 35. Rxf5 Rxf5 36. gxf5 Qc4 37. Rf4 Qc6 38. Rg4 Qd7 39. Rg5 Kh8
40. h4 h6 41. Rg6 Rxf5 42. Rxh6+ Kg8 43. Qb8+ Rf8 44. Rh8+ Kxh8 45. Qxf8+ Kh7
46. Qf3 Qe6 47. Kh2 Qe5+ 48. Kh3 Kg6 49. Qg2+ Kf6 50. Kg4 Qf5+ 0-1

[Event "Russian Championship B15 2016"]
[Site "Loo"]
[Date "2016.04.25"]
[Round "6.2"]
[White "Yeritsyan, Aram"]
[Black "Nesterov, Arseniy"]
[Result "1/2-1/2"]
[WhiteElo "2000"]
[BlackElo "2273"]
[PlyCount "83"]
[EventDate "2016.04.20"]

1. e4 e6 2. d4 d5 3. Nc3 Bb4 4. e5 c5 5. a3 Bxc3+ 6. bxc3 Qa5 7. Bd2 Qa4 8. Qg4
Kf8 9. Qd1 Nc6 10. Nf3 c4 11. h4 Nge7 12. h5 h6 13. g4 Ke8 14. Nh4 Kd7 15. f4
Kc7 16. Bh3 g6 17. O-O gxh5 18. gxh5 Nf5 19. Bxf5 exf5 20. Ng2 Be6 21. Ne3
Rag8+ 22. Kh2 Ne7 23. Be1 Nc8 24. Bh4 Re8 25. Qb1 Nb6 26. Qb4 Qc6 27. a4 Rhg8
28. a5 Nd7 29. Ra2 f6 30. Raa1 fxe5 31. fxe5 Ref8 32. Rf4 Rg5 33. Bxg5 hxg5 34.
Rf2 f4 35. Ng2 Rh8 36. Qe7 Rxh5+ 37. Kg1 Bf5 38. Qg7 Qe6 39. Re1 Be4 40. Rxe4
dxe4 41. Rxf4 gxf4 42. Nxf4 1/2-1/2

[Event "Russian Championship B15 2016"]
[Site "Loo"]
[Date "2016.04.25"]
[Round "6.3"]
[White "Murtazin, Ruslan"]
[Black "Kalabukhov, Bogdan"]
[Result "1/2-1/2"]
[WhiteElo "2012"]
[BlackElo "2056"]
[PlyCount "63"]
[EventDate "2016.04.20"]

1. e4 c5 2. Nf3 d6 3. d4 cxd4 4. Nxd4 Nf6 5. Nc3 a6 6. Bc4 e6 7. Bb3 Nbd7 8.
Bg5 Nc5 9. O-O Be7 10. Re1 O-O 11. f4 h6 12. Bh4 Bd7 13. Bf2 e5 14. fxe5 dxe5
15. Nf3 Nxb3 16. axb3 Qc7 17. Rc1 Rad8 18. Nd5 Nxd5 19. exd5 Bd6 20. c4 b6 21.
b4 Bxb4 22. Rxe5 Bg4 23. Re4 Bxf3 24. gxf3 Bc5 25. Bxc5 Qxc5+ 26. Kg2 Rd6 27.
Qd4 Rg6+ 28. Kf2 Qd6 29. Qe5 Qc5+ 30. Qd4 Qd6 31. Qe5 Qc5+ 32. Qd4 1/2-1/2

[Event "Russian Championship B15 2016"]
[Site "Loo"]
[Date "2016.04.25"]
[Round "6.4"]
[White "Pavlov, Danila"]
[Black "Shubin, Kirill"]
[Result "0-1"]
[WhiteElo "2094"]
[BlackElo "2399"]
[PlyCount "60"]
[EventDate "2016.04.20"]

1. e4 e6 2. d4 d5 3. Nc3 Nf6 4. Bg5 Bb4 5. e5 h6 6. Be3 Ne4 7. Qg4 g6 8. a3
Bxc3+ 9. bxc3 Nc6 10. Bd3 Nxc3 11. h4 Ne7 12. h5 g5 13. Nh3 Nf5 14. O-O Bd7 15.
Bd2 Ne4 16. Be1 Bc6 17. f3 Ne3 18. Nxg5 Nxg4 19. Nxf7 Kxf7 20. fxe4+ Kg7 21.
Rf4 dxe4 22. Rxg4+ Kh7 23. Rxe4 Bxe4 24. Bxe4+ Kg7 25. Rd1 c6 26. Rd3 Rg8 27.
Bd2 Qh4 28. Bf3 Raf8 29. Bf4 Rxf4 30. c3 Qe1+ 0-1

[Event "Russian Championship B15 2016"]
[Site "Loo"]
[Date "2016.04.25"]
[Round "6.5"]
[White "Gurvich, Vitaly"]
[Black "Babanin, Gleb"]
[Result "1-0"]
[WhiteElo "2381"]
[BlackElo "1992"]
[PlyCount "93"]
[EventDate "2016.04.20"]

1. d4 d5 2. c4 e6 3. Nf3 Nf6 4. Nc3 dxc4 5. e4 Bb4 6. e5 Nd5 7. Bd2 Bxc3 8.
bxc3 b5 9. a4 c6 10. Rb1 a6 11. Qc2 Nd7 12. Ng5 h6 13. Ne4 O-O 14. Be2 N7b6 15.
h4 Nxa4 16. Rh3 f5 17. Nd6 Nab6 18. Qc1 Ra7 19. h5 f4 20. Bf3 Bd7 21. g3 Nc8
22. Ne4 Nce7 23. g4 Kh8 24. Ke2 Ng8 25. Qg1 Bc8 26. g5 Nge7 27. Rh2 Nf5 28. Rg2
b4 29. gxh6 gxh6 30. Nd6 bxc3 31. Nxf5 cxd2 32. Nd6 Nc3+ 33. Kxd2 Nxb1+ 34.
Qxb1 Rg8 35. Rxg8+ Kxg8 36. Bxc6 Rg7 37. Qb4 Bd7 38. Bxd7 Qxd7 39. Qxc4 a5 40.
d5 Qc7 41. Qxf4 exd5 42. Ne8 Qf7 43. Nf6+ Kf8 44. Qf5 Rg2 45. Ke3 Qa7+ 46. Kd3
Qxf2 47. Qc8+ 1-0

[Event "Russian Championship B15 2016"]
[Site "Loo"]
[Date "2016.04.25"]
[Round "6.6"]
[White "Zaika, Daniil"]
[Black "Bazhenov, Aleksandr"]
[Result "1/2-1/2"]
[WhiteElo "2077"]
[BlackElo "2162"]
[PlyCount "150"]
[EventDate "2016.04.20"]

1. d4 d5 2. c4 e6 3. Nf3 c6 4. Nc3 dxc4 5. a4 Bb4 6. e3 b5 7. Bd2 a5 8. axb5
Bxc3 9. Bxc3 cxb5 10. b3 Bb7 11. bxc4 b4 12. Bb2 Nf6 13. Bd3 O-O 14. O-O Nbd7
15. Qc2 Qc7 16. Rfd1 Rfd8 17. e4 e5 18. c5 Qc6 19. d5 Qxc5 20. Bxe5 Rdc8 21.
Qb3 Qe7 22. Qb2 Ne8 23. Bb5 Nxe5 24. Qxe5 Qxe5 25. Nxe5 Rc5 26. Ba4 Nf6 27. f3
Rac8 28. Bc6 Ba6 29. Rdc1 Rxc1+ 30. Rxc1 Ne8 31. Ra1 b3 32. Rb1 Rb8 33. Nd7 Bd3
34. Rb2 Rb4 35. Nc5 Bb5 36. Rxb3 Rxb3 37. Nxb3 Bxc6 38. dxc6 a4 39. Nc5 a3 40.
Kf2 Kf8 41. Ke3 Ke7 42. e5 f6 43. Kd4 fxe5+ 44. Kc3 Kd6 45. Nd3 Nc7 46. Kb3 Nb5
47. Nb4 Kc5 48. Ka4 Kc4 49. Ka5 Kc5 50. h3 h5 51. h4 g6 52. Ka4 Kc4 53. g3 Kc5
54. Ka5 Nc7 55. Ka4 Nd5 56. Kxa3 Ne7 57. Kb3 Kd4 58. c7 Kc5 59. Kc3 Kd6 60. Kc4
Kxc7 61. Nd5+ Kd6 62. Nxe7 Kxe7 63. Kd5 Kf6 64. g4 hxg4 65. fxg4 e4 66. Kxe4
Ke6 67. Kf4 Kf6 68. g5+ Ke6 69. Ke4 Kd6 70. h5 gxh5 71. Kf5 h4 72. Kg4 Ke6 73.
Kxh4 Kf7 74. Kh5 Kg7 75. g6 Kg8 1/2-1/2

[Event "Russian Championship B15 2016"]
[Site "Loo"]
[Date "2016.04.25"]
[Round "6.7"]
[White "Geshko, Aleksey"]
[Black "Mnatsakanian, Arsen"]
[Result "0-1"]
[WhiteElo "2179"]
[BlackElo "2037"]
[PlyCount "100"]
[EventDate "2016.04.20"]

1. e4 c5 2. Nf3 e6 3. d4 cxd4 4. Nxd4 Nf6 5. Nc3 Nc6 6. Ndb5 d6 7. Bf4 e5 8.
Bg5 a6 9. Na3 b5 10. Nd5 Be7 11. Bxf6 Bxf6 12. c4 b4 13. Nc2 Rb8 14. b3 Bg5 15.
g3 O-O 16. Bg2 f5 17. O-O f4 18. f3 Be6 19. Qd3 Kh8 20. a3 bxa3 21. Rxa3 a5 22.
Rd1 Rf7 23. gxf4 exf4 24. Nd4 Bxd5 25. cxd5 Nxd4 26. Qxd4 Rb4 27. Qf2 Bf6 28.
Bf1 Rfb7 29. Bc4 h6 30. Kh1 Qc7 31. Rc1 Rxb3 32. Rxb3 Rxb3 33. Bxb3 Qxc1+ 34.
Kg2 Qb2 35. Qxb2 Bxb2 36. h4 Kh7 37. h5 g6 38. hxg6+ Kxg6 39. Ba4 Kf6 40. Kf2
Ke5 41. Ke2 Kd4 42. Kd2 h5 43. Be8 h4 44. Bd7 a4 45. Kc2 a3 46. Kb3 Ke3 47. Bg4
Kf2 48. e5 Bxe5 49. Kxa3 Kg3 50. Kb3 h3 0-1

[Event "Russian Championship B15 2016"]
[Site "Loo"]
[Date "2016.04.25"]
[Round "6.8"]
[White "Golikov, Daniil"]
[Black "Rysakov, Anton"]
[Result "1-0"]
[WhiteElo "2152"]
[BlackElo "1979"]
[PlyCount "55"]
[EventDate "2016.04.20"]

1. d4 Nf6 2. c4 g6 3. Nc3 Bg7 4. e4 d6 5. f3 O-O 6. Be3 c5 7. dxc5 Qa5 8. Qa4
Qxa4 9. Nxa4 dxc5 10. Bxc5 Nc6 11. O-O-O Be6 12. b3 Rac8 13. Kb1 Rfd8 14. Bd3
Nh5 15. Ne2 b6 16. Ba3 f5 17. exf5 Rxd3 18. fxe6 Re3 19. Rhe1 Rxe6 20. Nac3 Be5
21. g4 Nf6 22. Nf4 Bxf4 23. Rxe6 Be5 24. Nb5 Kf7 25. Nxa7 Kxe6 26. Nxc8 b5 27.
cxb5 Nd4 28. f4 1-0

[Event "Russian Championship B15 2016"]
[Site "Loo"]
[Date "2016.04.25"]
[Round "6.9"]
[White "Isaykin, Artem"]
[Black "Sakulo, Denis"]
[Result "1-0"]
[WhiteElo "1924"]
[BlackElo "2085"]
[PlyCount "64"]
[EventDate "2016.04.20"]

1. e4 c5 2. Nc3 Nc6 3. f4 g6 4. Nf3 Bg7 5. a3 e6 6. b4 d5 7. exd5 exd5 8. bxc5
Bg4 9. Bb5 Qe7+ 10. Qe2 Bxf3 11. gxf3 Bxc3 12. dxc3 Qxe2+ 13. Kxe2 Nge7 14. Be3
Nf5 15. Bf2 O-O-O 16. Bd3 Ng7 17. Kd2 Ne6 18. f5 Ng5 19. Ke3 d4+ 20. Kf4 Nh3+
21. Kg3 Nxf2 22. Kxf2 dxc3 23. Rhe1 Rd5 24. Re3 Rxc5 25. Rb1 Rd8 26. fxg6 hxg6
27. h3 Rh5 28. Kg3 Re5 29. Kf2 Ra5 30. Rb3 Rh5 31. f4 Rc5 32. Be2 Rc4 1-0

[Event "Russian Championship B15 2016"]
[Site "Loo"]
[Date "2016.04.25"]
[Round "6.10"]
[White "Kavyev, Ruslan"]
[Black "Talypov, Ildar"]
[Result "0-1"]
[WhiteElo "2058"]
[BlackElo "1993"]
[PlyCount "92"]
[EventDate "2016.04.20"]

1. d4 d5 2. c4 e6 3. Nc3 Nf6 4. cxd5 exd5 5. Bg5 c6 6. Qc2 Bd6 7. e3 O-O 8. Bd3
h6 9. Bh4 Be6 10. Nge2 Nbd7 11. h3 Be7 12. O-O Ne8 13. Bxe7 Qxe7 14. Rab1 Nd6
15. b4 b5 16. Kh1 Nb6 17. Ng3 f5 18. Nce2 Nbc4 19. Rbe1 Bd7 20. a4 bxa4 21.
Qxa4 c5 22. Qb3 cxb4 23. Qxb4 Rab8 24. Qc3 Rfc8 25. Bxc4 Rxc4 26. Qa3 Ra4 27.
Qc5 Rb5 28. Qc2 Rc4 29. Qa2 a5 30. Rc1 Rxc1 31. Rxc1 Nc4 32. Qc2 Rb2 33. Qd3
Qf7 34. Rb1 Rxb1+ 35. Qxb1 a4 36. Nc3 a3 37. Nge2 Bc6 38. Nf4 g5 39. Nd3 Qa7
40. Nb4 Qd7 41. g4 Ba4 42. gxf5 Kg7 43. Kg1 Nd2 44. Qd3 Nf3+ 45. Kf1 Bb3 46.
Kg2 Ne1+ 0-1

[Event "Russian Championship B15 2016"]
[Site "Loo"]
[Date "2016.04.25"]
[Round "6.11"]
[White "Shinkevich, Maksim"]
[Black "Akhtariev, Andrey"]
[Result "1/2-1/2"]
[WhiteElo "1997"]
[BlackElo "1927"]
[PlyCount "83"]
[EventDate "2016.04.20"]

1. d4 Nf6 2. c4 e6 3. Nf3 Bb4+ 4. Bd2 Qe7 5. g3 Nc6 6. Nc3 Bxc3 7. Bxc3 d6 8.
Bg2 Ne4 9. Rc1 O-O 10. d5 Nxc3 11. Rxc3 Nd8 12. dxe6 Nxe6 13. O-O Bd7 14. Qd2
Bc6 15. b4 a6 16. Re1 f5 17. Rb3 Rad8 18. Nh4 Bxg2 19. Nxg2 c6 20. Rd3 Ng5 21.
Nf4 Qf7 22. Qc2 Rfe8 23. Red1 Qf6 24. Qc3 Qe7 25. Re3 Ne4 26. Qd4 Qf6 27. f3
Qxd4 28. Rxd4 Nf6 29. Rxe8+ Nxe8 30. Kf2 Kf7 31. h4 g6 32. a4 Nc7 33. Rd1 Ne6
34. Nd3 Ke7 35. e3 Rb8 36. Ra1 Nc7 37. Nf4 Kd7 38. Nh3 Ne6 39. Ke2 Ke7 40. Nf2
Rd8 41. Nd3 Kf6 42. Rc1 1/2-1/2

[Event "Russian Championship B15 2016"]
[Site "Loo"]
[Date "2016.04.25"]
[Round "6.12"]
[White "Izabakarov, Kamil"]
[Black "Korolev, Kirill"]
[Result "1-0"]
[WhiteElo "1813"]
[BlackElo "1994"]
[PlyCount "93"]
[EventDate "2016.04.20"]

1. Nf3 f5 2. b3 Nf6 3. Bb2 e6 4. g3 d5 5. Bg2 c6 6. O-O Bd6 7. d3 O-O 8. Nbd2
b6 9. Ne5 Bxe5 10. Bxe5 Nbd7 11. Bb2 Bb7 12. e4 c5 13. e5 Ng4 14. Qe2 g5 15. c4
Qe8 16. Rae1 Qg6 17. h3 Nh6 18. cxd5 Bxd5 19. Bxd5 exd5 20. e6 Rae8 21. e7 Rf7
22. Qe6 Qxe6 23. Rxe6 Rfxe7 24. Rxh6 Re2 25. Bc1 Ne5 26. Rh5 g4 27. Rxf5 d4 28.
Ne4 Nxd3 29. Nf6+ Kf8 30. Nxe8+ Kxe8 31. hxg4 Rxa2 32. b4 Nxb4 33. Re1+ Kd7 34.
Bh6 Kc6 35. Rf7 a5 36. Rxh7 a4 37. g5 Nd3 38. Rf1 Ne5 39. f4 Nd7 40. g6 Re2 41.
Rf7 b5 42. g7 Re8 43. Rf8 Nxf8 44. gxf8=Q Rxf8 45. Bxf8 Kd5 46. f5 b4 47. f6
1-0